Science Quiz

Random Science or Animal Quiz

Marine Mammals Quiz Stats

 Plays Quiz Updated Oct 18, 2018

Challenge
Share
Tweet
Score 0/20 Timer 04:00
19 Plays Today
% Correct
Bottlenose dolphin
99.1%
Harbor seal
98.4%
Polar bear
98%
Orca
96.9%
Walrus
96%
Sea otter
95.1%
Blue whale
83.8%
Manatee
80.6%
Sea lion
76%
Humpback whale
74.4%
% Correct
Sperm whale
68.6%
Narwhal
65.8%
Beluga whale
63.8%
Elephant seal
47.8%
Harbor porpoise
47.1%
Leopard seal
30.2%
Dugong
27.5%
Grey whale
25.1%
Right whale
20.3%
Brown fur seal
14%

You're not logged in!

Compare scores with friends on all Sporcle quizzes.
OR
Log In

You Might Also Like...

Show Comments

Extras

Top Quizzes Today


Score Distribution

Your Account Isn't Verified!

In order to create a playlist on Sporcle, you need to verify the email address you used during registration. Go to your Sporcle Settings to finish the process.

Report this User

Report this user for behavior that violates our Community Guidelines.

Details: